书目信息 |
| 题名: |
中小企业管理
|
|
| 作者: | 科林斯 , 拉齐尔 著 ;李丽 , 徐明峰 译 | |
| 分册: | ||
| 出版信息: | 大连 东北财经大学出版社 2000.11 |
|
| 页数: | 360页 | |
| 开本: | 24cm | |
| 丛书名: | 工商管理经典译丛 | |
| 单 册: | ||
| 中图分类: | F276.3 | |
| 科图分类: | ||
| 主题词: | 中小企业--企业管理 | |
| 电子资源: | ||
| ISBN: | 7-81044-799-8 | |
| 000 | 00964nam0 2200277 45 | |
| 001 | 0311171468 | |
| 005 | 20031219104121.6 | |
| 010 | @a7-81044-799-8@dCNY38.00 | |
| 100 | @a20031117d2000 km y0chiy0120 ea | |
| 101 | 0 | @achi@ceng |
| 105 | @a z 000yy | |
| 200 | 1 | @a中小企业管理@AZhong Xiao Qi Ye Guan Li@dManaging the Small to Mid@e概念与案例@EGai Nian Yu An Li@f(美)詹姆斯·C·科林斯,威廉·C·拉齐尔著@F(Mei)Zhan Mu Si·C·Ke Lin Si,Wei Lian·C·La Qi Er Zhu@g李丽,徐明峰译 |
| 210 | @a大连@c东北财经大学出版社@d2000.11 | |
| 215 | @a360页@d24cm | |
| 225 | @a工商管理经典译丛 | |
| 410 | @12001 @a工商管理经典译丛 | |
| 510 | @aManaging the Small to Mid | |
| 517 | @a概念与案例@AGai Nian Yu An Li | |
| 606 | 0 | @a中小企业@x企业管理 |
| 690 | @aF276.3@v3 | |
| 701 | 0 | @a科林斯@4著 |
| 701 | 0 | @a拉齐尔@4著 |
| 702 | 0 | @a李丽@ALi Li@4译 |
| 702 | 0 | @a徐明峰@AXu Ming Feng@4译 |
| 801 | @aCN@bTSTC@c20031117 | |
| 905 | @b328297-299@dF276.3@e141@f3 | |
| 中小企业管理=Managing the Small to Mid:概念与案例/(美)詹姆斯·C·科林斯,威廉·C·拉齐尔著/李丽,徐明峰译.-大连:东北财经大学出版社,2000.11 |
| 360页;24cm.-(工商管理经典译丛) |
| ←并列题名:Managing the Small to Mid |
| ISBN 7-81044-799-8:CNY38.00 |
| ● |
| 相关链接 |
|
|
|
|
正题名:中小企业管理
索取号:F276.3/141
 
预约/预借
| 序号 | 登录号 | 条形码 | 馆藏地/架位号 | 状态 | 备注 |
| 1 | 0328297 | 203282973 | 第一借阅区/ [索取号:F276.3/141] | 在馆 | |
| 2 | 0328298 | 203282982 | 第一借阅区/ [索取号:F276.3/141] | 在馆 | |
| 3 | 0328299 | 203282991 | 第一样本阅览室/ [索取号:F276.3/141] | 在馆 |